MARC

LEADER 00000nam0a2200000 4500
001 177972
005 20231031165752.0
035 |a (RuTPU)RU\TPU\book\192950 
090 |a 177972 
100 |a 20100331d1961 m y0rusy50 ca 
101 0 |a rus 
102 |a RU 
105 |a a z 001zy 
200 1 |a Диамагнетизм и химическая связь  |f Я. Г. Дорфман 
210 |a Москва  |c Физматгиз  |d 1961 
215 |a 231 с.  |c черт. 
225 1 |a Современные проблемы физики 
320 |a Библиогр.: с. 228-231. 
610 1 |a магнетохимия 
610 1 |a диамагнетизм 
610 1 |a химическая связь 
610 1 |a магнитные свойства 
610 1 |a ионная связь 
610 1 |a молекулы 
610 1 |a кристаллы 
610 1 |a применение 
675 |a 544.56  |v 3 
700 1 |a Дорфман  |b Я. Г.  |g Яков Григорьевич 
801 1 |a RU  |b 63413507  |c 20100331 
801 2 |a RU  |b 63413507  |c 20210528  |g RCR 
942 |c BK